Supreme court selected leading cases: Vol I (Record no. 232309)
[ view plain ]
| 000 -LEADER | |
|---|---|
| fixed length control field | 00692nam a22002417a 4500 |
| 005 - DATE AND TIME OF LATEST TRANSACTION | |
| control field | 20241209114316.0 |
| 008 - FIXED-LENGTH DATA ELEMENTS--GENERAL INFORMATION | |
| fixed length control field | 241209b ||||| |||| 00| 0 eng d |
| 020 ## - INTERNATIONAL STANDARD BOOK NUMBER | |
| International Standard Book Number | 9789395939881 |
| 040 ## - CATALOGING SOURCE | |
| Transcribing agency | AL |
| 041 ## - LANGUAGE CODE | |
| Language code of text/sound track or separate title | eng |
| 082 ## - DEWEY DECIMAL CLASSIFICATION NUMBER | |
| Edition number | 23 |
| Classification number | 347.54 |
| Item number | CHAS |
| 100 ## - MAIN ENTRY--PERSONAL NAME | |
| Personal name | K.Gururaja Chari |
| 9 (RLIN) | 188782 |
| 245 ## - TITLE STATEMENT | |
| Title | Supreme court selected leading cases: Vol I |
| 250 ## - EDITION STATEMENT | |
| Edition statement | 6 |
| 260 ## - PUBLICATION, DISTRIBUTION, ETC. | |
| Place of publication, distribution, etc. | New Delhi |
| Name of publisher, distributor, etc. | Vinod Publications |
| Date of publication, distribution, etc. | 2024 |
| 300 ## - PHYSICAL DESCRIPTION | |
| Extent | 1665p. |
| Other physical details | HB |
| Dimensions | 23x16cm. |
| 365 ## - TRADE PRICE | |
| Source of price type code | General |
| Price type code | 1060 |
| Price amount | ₹1182.60 |
| Currency code | ₹ |
| Unit of pricing | ₹1620.00 |
| Price note | 27% |
| Price effective from | 28/11/2024 |
| 650 ## - SUBJECT ADDED ENTRY--TOPICAL TERM | |
| Topical term or geographic name entry element | Volume-1 |
| 9 (RLIN) | 188783 |
| 650 ## - SUBJECT ADDED ENTRY--TOPICAL TERM | |
| Topical term or geographic name entry element | Cases |
| 9 (RLIN) | 188784 |
| 650 ## - SUBJECT ADDED ENTRY--TOPICAL TERM | |
| Topical term or geographic name entry element | Supreme Court |
| 9 (RLIN) | 188785 |
| 700 ## - ADDED ENTRY--PERSONAL NAME | |
| Personal name | NAYYAR(Yogesh V) |
| 9 (RLIN) | 188786 |
| 942 ## - ADDED ENTRY ELEMENTS (KOHA) | |
| Source of classification or shelving scheme | Dewey Decimal Classification |
| Koha item type | Reference |
| Withdrawn status | Lost status | Source of classification or shelving scheme | Damaged status | Not for loan | Collection code | Home library | Current library | Date acquired | Source of acquisition | Cost, normal purchase price | Total Checkouts | Full call number | Barcode | Date last seen | Cost, replacement price | Price effective from | Koha item type |
|---|---|---|---|---|---|---|---|---|---|---|---|---|---|---|---|---|---|
| Dewey Decimal Classification | Reference Book | Law | St Aloysius Law Library | St Aloysius Law Library | 12/05/2024 | MPP House Law Books Publishers Bengaluru-560009 | 1182.60 | 347.54 CHAS | LL000901 | 12/09/2024 | 1620.00 | 12/09/2024 | Reference |